Theoretical analysis of reactions of electrophilic iodination and chlorination of benzene and polycyclic arenes in density functional theory approximation; Russian Journal of Organic Chemistry; Vol. 44, iss. 5

Bibliografiske detaljer
Parent link:Russian Journal of Organic Chemistry: Scientific Journal.— , 2001-
Vol. 44, iss. 5.— 2008.— [P. 681-687]
Andre forfattere: Filimonov V. D. Viktor Dmitrievich, Krasnokutskaya E. A . Elena Aleksandrovna, Poleshchuk O. Kh. Oleg Khemovich, Lesina Yu. A. Yuliya Aleksandrovna
Summary:Title screen
Quantum-chemical method DFT B3LYP/6-311G*was applied to stage by stage thermodynamic calculation of reactions of electrophilic iodination of benzene, naphthalene, phenanthrene, and anthracene with iodine and iodine monochloride, and comparison with chlorination reactions was performed. The main distinction of iodination process from chlorination was an enhanced reversibility owing to protodeiodination. The reversibility of iodination grows with the electron-donor properties of aromatic substrates. The calculations permit an assumption that the chlorination of anthracene and phenanthrene with iodine monochloride occurs most probably through stages of electrophilic iodination-dehydroiodination.
Режим доступа: по договору с организацией-держателем ресурса
Sprog:engelsk
Udgivet: 2008
Fag:
Online adgang:http://dx.doi.org/10.1134/S1070428008050072
Format: MixedMaterials Electronisk Book Chapter
KOHA link:https://koha.lib.tpu.ru/cgi-bin/koha/opac-detail.pl?biblionumber=656660

MARC

LEADER 00000naa0a2200000 4500
001 656660
005 20250404151745.0
035 |a (RuTPU)RU\TPU\network\23105 
035 |a RU\TPU\network\23104 
090 |a 656660 
100 |a 20171130d2008 k||y0rusy50 ba 
101 0 |a eng 
135 |a drcn ---uucaa 
181 0 |a i  
182 0 |a b 
200 1 |a Theoretical analysis of reactions of electrophilic iodination and chlorination of benzene and polycyclic arenes in density functional theory approximation  |f V. D. Filimonov [et al.] 
203 |a Text  |c electronic 
300 |a Title screen 
320 |a [References: 30 tit.] 
330 |a Quantum-chemical method DFT B3LYP/6-311G*was applied to stage by stage thermodynamic calculation of reactions of electrophilic iodination of benzene, naphthalene, phenanthrene, and anthracene with iodine and iodine monochloride, and comparison with chlorination reactions was performed. The main distinction of iodination process from chlorination was an enhanced reversibility owing to protodeiodination. The reversibility of iodination grows with the electron-donor properties of aromatic substrates. The calculations permit an assumption that the chlorination of anthracene and phenanthrene with iodine monochloride occurs most probably through stages of electrophilic iodination-dehydroiodination. 
333 |a Режим доступа: по договору с организацией-держателем ресурса 
461 |t Russian Journal of Organic Chemistry  |o Scientific Journal  |d 2001- 
463 |t Vol. 44, iss. 5  |v [P. 681-687]  |d 2008 
610 1 |a электронный ресурс 
610 1 |a труды учёных ТПУ 
610 1 |a иодирование 
610 1 |a хлорирование 
610 1 |a бензолы 
610 1 |a реакции 
701 1 |a Filimonov  |b V. D.  |c Russian chemist  |c Professor of the TPU  |f 1945-  |g Viktor Dmitrievich  |3 (RuTPU)RU\TPU\pers\26423  |9 12127 
701 1 |a Krasnokutskaya  |b E. A .  |c organic chemist  |c Professor of Tomsk Polytechnic University, Doctor of chemical sciences  |f 1966-  |g Elena Aleksandrovna  |3 (RuTPU)RU\TPU\pers\31829  |9 15924 
701 1 |a Poleshchuk  |b O. Kh.  |c chemist  |c Professor-consultant of Yurga technological Institute of Tomsk Polytechnic University, Doctor of chemical sciences  |f 1947-  |g Oleg Khemovich  |3 (RuTPU)RU\TPU\pers\31825  |9 15920 
701 1 |a Lesina  |b Yu. A.  |c organic chemist  |c associate Professor of Tomsk Polytechnic University, candidate of chemical Sciences  |f 1973-  |g Yuliya Aleksandrovna  |3 (RuTPU)RU\TPU\pers\35230  |9 18495 
801 2 |a RU  |b 63413507  |c 20171130  |g RCR 
856 4 0 |u http://dx.doi.org/10.1134/S1070428008050072 
942 |c CF